| Tag |
First Indicator |
Second Indicator |
Subfields |
| LEADER |
00000cam a2200000 4500 |
| 001 |
in00000012725 |
| 005 |
20151007051905.0 |
| 008 |
821116s1926 nyua 00010 eng d |
| 035 |
|
|
|a (OCoLC)08963114
|
| 035 |
|
|
|9 AAA5301AM
|
| 040 |
|
|
|a SMI
|c SMI
|d TXA
|d UtOrBLW
|
| 049 |
|
|
|a TXAS [naut]
|
| 050 |
|
4 |
|a VM298
|b .D73 1926
|
| 100 |
1 |
|
|a Douglas, George Bruce,
|d 1864-
|
| 245 |
1 |
0 |
|a Ship model book ;
|b how to build and rig model ships, with a special set of full-sized patterns for the famous ship Benj. F. Packard /
|c by George B. Douglas and others.
|
| 264 |
|
1 |
|a New York City :
|b The Rudder Publishing Company,
|c [1926]
|
| 264 |
|
4 |
|c [©1926]
|
| 300 |
|
|
|a 32 pages :
|b illustrations, diagrams ;
|c 30 cm.
|
| 336 |
|
|
|a text
|b txt
|2 rdacontent
|
| 337 |
|
|
|a unmediated
|b n
|2 rdamedia
|
| 338 |
|
|
|a volume
|b nc
|2 rdacarrier
|
| 500 |
|
|
|a Folded plate in envelope on inside of back cover.
|
| 650 |
|
0 |
|a Ship models.
|
| 999 |
|
|
|a MARS
|
| 999 |
f |
f |
|s 7b3d396b-616f-3043-a496-806fc258de6b
|i 08fb7925-cef9-3fb5-93c8-841b1160a133
|t 0
|
| 952 |
f |
f |
|p noncirc
|a Texas A&M University
|b College Station
|c Cushing Memorial Library & Archives
|d Cushing: Maritime (Does not check out)
|t 0
|e VM298 .D73 1926
|h Library of Congress classification
|i unmediated -- volume
|
| 998 |
f |
f |
|a VM298 .D73 1926
|t 0
|l Cushing: Maritime (Does not check out)
|